000 00853cam a2200337 4500
001 J95428
008 090401t1998 xxu||||| |||| 00| 0 eng d
020 _a1872423337
035 _a(Sirsi) u99621
041 _aeng
050 _a306.1
100 _aEvans, A.
245 _aTrends, attitudes and issues in British housing
260 _aLondon
_bCouncil of Mortgage Lenders
_c1998
300 _aviii,20p.
_c30cm
350 _a25.00
650 _aCOUNCIL HOUSING
650 _aHOME OWNERSHIP
650 _aHOUSING POLICY
650 _aLOCAL AUTHORITY HOUSING
650 _aMORTGAGES
650 _aPRIVATE RENTED HOUSING
650 _aRENTING
650 _aSOCIAL HOUSING
690 _aHOUSING-HOUSING FINANCE
700 _aPannell, B.
700 _aStewart, J.
700 _aWilliams, P.
942 _n0
948 _c02/12/1998
999 _c99405
_d99405